| 000 | 01028nam a2200313 i 4500 | ||
|---|---|---|---|
| 003 | EG-ScBUE | ||
| 005 | 20241031084737.0 | ||
| 008 | 150623t2015 enka f b 001 0 eng d | ||
| 020 | _a1292062355 | ||
| 020 | _a9781292062358 | ||
| 040 |
_aEG-ScBUE _beng _erda _dEG-ScBUE _cEG-ScBUE |
||
| 082 | 0 | 4 |
_222 _bHOG _a519.2 |
| 100 | 1 |
_aHogg, Robert V., _eauthor. _938379 |
|
| 245 |
_aProbability and statistical inference / _cRobert V. Hogg, Elliot A. Tanis, Dale L. Zimmerman. |
||
| 250 | _aNinth edition. | ||
| 250 | _aGlobal edition. | ||
| 264 | 1 |
_aHarlow : _bPearson Education Limited, _c[2015] |
|
| 264 | 4 | _cc2015 | |
| 300 |
_a552 pages : _billustrations ; _c26 cm |
||
| 504 | _aIncludes bibliographical references and index. | ||
| 650 | 7 |
_aProbabilities. _2BUEsh _93494 |
|
| 650 | 7 |
_97173 _aMathematical statistics. _2BUEsh |
|
| 651 | _2BUEsh | ||
| 653 |
_bCOMAME _cJune2015 _cAugust2015 |
||
| 655 | _vReading book | ||
| 700 | 1 |
_aTanis, Elliot A., _eauthor. |
|
| 700 | 1 |
_aZimmerman, Dale L., _eauthor. |
|
| 942 |
_2ddc _cBB |
||
| 999 |
_c19840 _d19812 |
||